Ultime pagine nazionaliste / (Record no. 144329)

MARC details
000 -LEADER
campo de control de longitud fija 00432nam a2200157 4500
001 - NÚMERO DE CONTROL
campo de control 144329
003 - IDENTIFICADOR DE NÚMERO DE CONTROL
campo de control ES-MaACL
005 - FECHA Y HORA DE LA ÚLTIMA TRANSACCIÓN
campo de control 20230906201008.0
007 - CAMPO FIJO DE DESCRIPCIÓN FÍSICA--INFORMACIÓN GENERAL
campo de control de longitud fija t|
008 - DATOS DE LONGITUD FIJA--INFORMACIÓN GENERAL
campo de control de longitud fija 070214s1912 it r ||||1| ita d
100 1# - ENTRADA PRINCIPAL--NOMBRE DE PERSONA
Nombre de persona Sighele, Scipio.
9 (RLIN) 106306
245 10 - MENCIÓN DEL TÍTULO
Título Ultime pagine nazionaliste /
Mención de responsabilidad, etc. Scipio Sighele.
260 ## - PUBLICACIÓN, DISTRIBUCIÓN, ETC.
Lugar de publicación, distribución, etc. Milano :
Nombre del editor, distribuidor, etc. [s.n.],
Fecha de publicación, distribución, etc. 1912 (
Fabricante Fratelli Treves)
300 ## - DESCRIPCIÓN FÍSICA
Extensión XVI, 257 p. ;
Dimensiones 19 cm.
852 ## - LOCALIZACIÓN
Ubicación ES-MaACL
Número de control de estantería F-6758
Holdings
Estatus retirado Estado de pérdida Estado de daño No para préstamo Biblioteca de origen Biblioteca actual Ubicación en estantería Fecha de adquisición Fuente de adquisición Total de préstamos Signatura topográfica completa Código de barras Visto por última vez Precio de reemplazo Tipo de ítem Koha
        Biblioteca del Ateneo de Madrid Biblioteca del Ateneo de Madrid Depósito 2 17/01/2008     F-6758 1150162 23/02/2023 23/02/2023 Libro impreso